| 000 | 00993nam0a22002771 4500 | ||
|---|---|---|---|
| 001 | rc\390392 | ||
| 005 | 20250621070033.0 | ||
| 010 |
_a5-212-00167-6 _920000 |
||
| 035 | _a(NLR Aleph) 005640355 | ||
| 090 |
_a6662319 _c6662319 |
||
| 100 | _a20030616d1989 |||y0rusy50 ca | ||
| 101 | 0 | _arus | |
| 102 | _aRU | ||
| 105 | _aa ||||||||| | ||
| 200 | 1 |
_aСказки: Теремок; Мизгирь _fРис. Г. Нарбут |
|
| 205 | _aФакс. изд. | ||
| 210 |
_aМ. _cКнига _d1989 |
||
| 215 |
_a[11] с. _cцв. ил. _d29 |
||
| 300 | _aВых. дан. ориг.: М.: Изд. И. Кнебель, 1910 | ||
| 300 | _aВлож. с 12 др. кн. в футл. с загл.: Детские книги издательства И.Н. Кнебель: Факс. воспроизведение 12 кн., вып. изд-вом в 1909-1914 гг. [6] | ||
| 801 | 0 |
_aRU _bNLR _gpsbo |
|
| 801 | 1 |
_aRU _bELAR _2rusmarc |
|
| 852 |
_aNLR _j90-8/115(6) |
||
| 942 | _cBOOK | ||
| 980 | _aNB | ||